| 000 | 00798nam a2200217 i 4500 | ||
|---|---|---|---|
| 001 | 38627 | ||
| 003 | ES-MaACL | ||
| 005 | 20250808023005.0 | ||
| 007 | t| | ||
| 008 | 030226s1975 sp ||||1| spa d | ||
| 020 | _a84-400-9040-4 | ||
| 111 | 2 |
_aColoquios sobre la Calidad de la Vida _d(1974. _cEl Escorial, Madrid) _9118 |
|
| 245 | 1 | 0 |
_aColoquios sobre la Calidad de la Vida _b: reencuentro del hombre. |
| 260 |
_aEl Escorial (Madrid) : _bAsociación Cultural Hispano Norteamericana, _c[1975] |
||
| 300 |
_a226 p. : _bil. ; _c24 cm. |
||
| 650 | 4 |
_aCalidad de Vida- _vCongresos y asambleas. _9142606 |
|
| 650 | 0 | 4 |
_aMedios de comunicación social- _zEspaña. _914971 |
| 710 | 2 |
_aAsociación Cultural Hispano-Norteamericana (Madrid) _91539 |
|
| 852 |
_aES-MaACL _jA-5621 |
||
| 999 |
_c38627 _d38627 |
||